L'Année stratégique 2022 : Analyse des enjeux internationaux (notice n° 1566545)

détails MARC
000 -LEADER
fixed length control field 01560cam a2200133 4500500
005 - DATE AND TIME OF LATEST TRANSACTION
control field 20251214001914.0
041 ## - LANGUAGE CODE
Language code of text/sound track or separate title fre
042 ## - AUTHENTICATION CODE
Authentication code dc
100 10 - MAIN ENTRY--PERSONAL NAME
Personal name Boniface, Pascal
Relator term author
245 00 - TITLE STATEMENT
Title L'Année stratégique 2022 : Analyse des enjeux internationaux
260 ## - PUBLICATION, DISTRIBUTION, ETC.
Name of publisher, distributor, etc. Armand Colin,<br/>
Date of publication, distribution, etc. 2021.<br/>
520 ## - SUMMARY, ETC.
Summary, etc. Des décisions économiques aux initiatives sur le dossier nucléaire iranien, l’élection de Joe Biden semble marquer nombre de ruptures. Elle consacre néanmoins des évolutions déjà à l’œuvre, tout particulièrement le duel entre les États-Unis et la Chine, cette dernière affichant pour sa part une attitude de plus en plus décomplexée dans son environnement régional comme avec les grandes puissances.Dans ce contexte de rivalité désormais structurant des relations internationales, qu’en est-il des ambitions géopolitiques de l’Union européenne ? Des tensions entre les puissances occidentales et la Russie, alors que l’on assiste également à une évolution des formes de conflits dans le monde ? Des processus démocratiques ou sécuritaires en Afrique ? Des effets sanitaires et économiques du Covid-19 en Amérique latine ? De même que la pandémie aura suscité des questionnements sur le futur de la mondialisation et la transition énergétique, elle n’a produit que peu d’effets sur la lutte contre le changement climatique, quand pourtant s’annoncent des échéances cruciales. 
856 41 - ELECTRONIC LOCATION AND ACCESS
Uniform Resource Identifier <a href="https://shs.cairn.info/l-annee-strategique-2022--9782200632113?lang=fr&redirect-ssocas=7080">https://shs.cairn.info/l-annee-strategique-2022--9782200632113?lang=fr&redirect-ssocas=7080</a>

Pas d'exemplaire disponible.

PLUDOC

PLUDOC est la plateforme unique et centralisée de gestion des bibliothèques physiques et numériques de Guinée administré par le CEDUST. Elle est la plus grande base de données de ressources documentaires pour les Étudiants, Enseignants chercheurs et Chercheurs de Guinée.

Adresse

627 919 101/664 919 101

25 boulevard du commerce
Kaloum, Conakry, Guinée

Réseaux sociaux

Powered by Netsen Group @ 2025